[Event "Taujenai Manor Cup"]
[Site "Taujenai"]
[Date "2021.11.28"]
[Round "9"]
[White "Breikss, Peteris"]
[Black "Kurmis, Edvinas"]
[Result "0-1"]
[WhiteElo "1622"]
[BlackElo "1665"]
[PlyCount "43"]
[EventDate "2021.11.27"]
[EventType "swiss (rapid)"]
[EventRounds "9"]
[EventCountry "LTU"]
[SourceTitle "EXT 2023"]
[Source "ChessBase"]
[SourceDate "2022.10.05"]
[SourceVersion "1"]
[SourceVersionDate "2022.10.05"]
[SourceQuality "1"]

1. e4 e5 2. Nf3 Nf6 3. Nxe5 Nc6 4. Nxc6 dxc6 5. d3 Bc5 6. Be2 h5 7. Nd2 Ng4 8. Bxg4 hxg4 9. Nf1 Qf6 10. Qe2 Be6 11. c3 0-0-0 12. Be3 Be7 13. Nd2 Kb8 14. Nb3 Rh5 15. Nd4 Bc8 16. f4 gxf3 17. Nxf3 Bg4 18. 0-0-0 Ra5 19. Kb1 Qe6 20. b3 Qf6 21. d4 Qg6 22. Qc2 0-1

[Event "Taujenai Manor Cup"]
[Site "Taujenai"]
[Date "2021.11.28"]
[Round "7"]
[White "Breikss, Peteris"]
[Black "Mecelis, Arturas J"]
[Result "1-0"]
[WhiteElo "1622"]
[BlackElo "1562"]
[PlyCount "71"]
[EventDate "2021.11.27"]
[EventType "swiss (rapid)"]
[EventRounds "9"]
[EventCountry "LTU"]
[SourceTitle "EXT 2023"]
[Source "ChessBase"]
[SourceDate "2022.10.05"]
[SourceVersion "1"]
[SourceVersionDate "2022.10.05"]
[SourceQuality "1"]

1. e4 e5 2. Nf3 Nc6 3. Bb5 a6 4. Ba4 b5 5. Bb3 Nf6 6. 0-0 Bc5 7. c3 d6 8. d4 exd4 9. cxd4 Bb6 10. Bg5 0-0 11. e5 dxe5 12. d5 Nd4 13. Nxd4 Bxd4 14. Nc3 Qd6 15. Qf3 Nd7 16. Ne4 Qg6 17. h4 Nc5 18. Nxc5 Bxc5 19. Be3 Bd6 20. h5 Qg4 21. Qxg4 Bxg4 22. h6 f5 23. hxg7 Kxg7 24. f4 e4 25. Bd4+ Kf7 26. a4 Rfe8 27. axb5 Be2 28. Rfc1 Bxf4 29. Rc6 Ke7 30. bxa6 Kd7 31. Rf6 Rf8 32. Rxf8 Rxf8 33. a7 Ra8 34. Ba4+ Kd6 35. Bc6 Ba6 36. Bxa8 1-0

[Event "Taujenai Manor Cup"]
[Site "Taujenai"]
[Date "2021.11.27"]
[Round "2"]
[White "Juknis, Paulius"]
[Black "Breikss, Peteris"]
[Result "1-0"]
[WhiteElo "2059"]
[BlackElo "1622"]
[PlyCount "55"]
[EventDate "2021.11.27"]
[EventType "swiss (rapid)"]
[EventRounds "9"]
[EventCountry "LTU"]
[SourceTitle "EXT 2023"]
[Source "ChessBase"]
[SourceDate "2022.10.05"]
[SourceVersion "1"]
[SourceVersionDate "2022.10.05"]
[SourceQuality "1"]

1. e4 c5 2. Nc3 Nc6 3. Bb5 g6 4. Bxc6 bxc6 5. d3 Bg7 6. f4 d5 7. e5 Nh6 8. Nf3 Bg4 9. 0-0 0-0 10. h3 Bxf3 11. Qxf3 Nf5 12. Ne2 Nd4 13. Nxd4 cxd4 14. b3 c5 15. Bd2 Qd7 16. Rae1 f6 17. e6 Qd6 18. f5 g5 19. h4 gxh4 20. Bf4 Qd8 21. Qg4 Kh8 22. Rf3 Rg8 23. Qxh4 Bf8 24. Rh3 Rg7 25. Bh6 Kg8 26. Bxg7 Bxg7 27. Qxh7+ Kf8 28. Rg3 1-0

[Event "Riga Tech Rapid op"]
[Site "Riga"]
[Date "2021.08.08"]
[Round "3"]
[White "Lagerborg, Krister"]
[Black "Breikss, Peteris"]
[Result "1-0"]
[WhiteElo "2164"]
[BlackElo "1796"]
[PlyCount "59"]
[EventDate "2021.08.08"]
[EventType "swiss (rapid)"]
[EventRounds "9"]
[EventCountry "LAT"]
[SourceTitle "CBM 203 Extra"]
[Source "ChessBase"]
[SourceDate "2021.09.30"]
[SourceVersion "1"]
[SourceVersionDate "2021.09.30"]
[SourceQuality "1"]

1. e4 c5 2. Nf3 Nc6 3. d4 cxd4 4. Nxd4 e5 5. Nb5 a6 6. Nd6+ Bxd6 7. Qxd6 Qf6 8. Qxf6 Nxf6 9. f3 Nb4 10. Na3 d5 11. c3 Nc6 12. exd5 Nxd5 13. Nc4 b5 14. Nd6+ Ke7 15. Nxc8+ Rhxc8 16. Be2 b4 17. c4 Nb6 18. Be3 Nd4 19. Bxd4 exd4 20. b3 Kf6 21. 0-0-0 Re8 22. Bd3 Rad8 23. Be4 a5 24. Rd2 g6 25. Rhd1 Ke5 26. Kb2 a4 27. c5 a3+ 28. Kb1 Nd5 29. Bxd5 Rxd5 30. Re1+ 1-0

[Event "Riga Tech Rapid op"]
[Site "Riga"]
[Date "2021.08.08"]
[Round "6"]
[White "Martinkus, Rolandas"]
[Black "Breikss, Peteris"]
[Result "1-0"]
[WhiteElo "2079"]
[BlackElo "1796"]
[PlyCount "73"]
[EventDate "2021.08.08"]
[EventType "swiss (rapid)"]
[EventRounds "9"]
[EventCountry "LAT"]
[SourceTitle "CBM 203 Extra"]
[Source "ChessBase"]
[SourceDate "2021.09.30"]
[SourceVersion "1"]
[SourceVersionDate "2021.09.30"]
[SourceQuality "1"]

1. Nf3 d5 2. c4 c6 3. e3 Nf6 4. Nc3 g6 5. d4 Bg7 6. h3 0-0 7. Bd3 Nbd7 8. 0-0 dxc4 9. Bxc4 Re8 10. Qb3 e6 11. e4 b5 12. Be2 Bb7 13. e5 Nd5 14. Ne4 N7b6 15. Nd6 Re7 16. Bg5 Qd7 17. Bxe7 Nxe7 18. Ne4 Nbd5 19. Nc5 Qc7 20. a4 a6 21. Rfc1 b4 22. a5 Ra7 23. Bc4 h6 24. Nd2 Nf5 25. Qd3 Qc8 26. Nde4 Nf4 27. Qd2 Nd5 28. Rd1 h5 29. Ra4 Bh6 30. Qe1 Qd8 31. Rxb4 Nxb4 32. Qxb4 Ne3 33. fxe3 Bxe3+ 34. Kh1 Qh4 35. Qc3 Bh6 36. Rf1 g5 37. Qg3 1-0

[Event "Riga Tech Rapid op"]
[Site "Riga"]
[Date "2021.08.08"]
[Round "1"]
[White "Pavlov, Sergey1"]
[Black "Breikss, Peteris"]
[Result "1-0"]
[WhiteElo "2481"]
[BlackElo "1796"]
[PlyCount "23"]
[EventDate "2021.08.08"]
[EventType "swiss (rapid)"]
[EventRounds "9"]
[EventCountry "LAT"]
[SourceTitle "CBM 203 Extra"]
[Source "ChessBase"]
[SourceDate "2021.09.30"]
[SourceVersion "1"]
[SourceVersionDate "2021.09.30"]
[SourceQuality "1"]

1. c4 e5 2. Nc3 Nf6 3. Nf3 Nc6 4. e3 d5 5. cxd5 Nxd5 6. Bb5 Bg4 7. Qa4 Bxf3 8. Bxc6+ bxc6 9. Qxc6+ Ke7 10. gxf3 Nxc3 11. bxc3 Rb8 12. Ba3+ 1-0

[Event "Riga RTU rapid op"]
[Site "Riga"]
[Date "2019.07.04"]
[Round "3"]
[White "Low, Kevin"]
[Black "Breikss, Peteris"]
[Result "1-0"]
[WhiteElo "2153"]
[BlackElo "1803"]
[PlyCount "51"]
[EventDate "2019.07.04"]
[EventType "swiss (rapid)"]
[EventRounds "9"]
[EventCountry "LAT"]
[SourceTitle "EXT 2020"]
[Source "ChessBase"]
[SourceDate "2019.10.17"]
[SourceVersion "1"]
[SourceVersionDate "2019.10.17"]
[SourceQuality "1"]

1. e4 c5 2. Nf3 Nc6 3. Bb5 g6 4. c3 Bg7 5. d4 cxd4 6. cxd4 Nf6 7. Nc3 d5 8. e5 Ng4 9. 0-0 h5 10. Ne1 Be6 11. Nd3 Rc8 12. Nc5 Qb6 13. Nxe6 fxe6 14. Qd3 Kf7 15. Ne2 Nb4 16. Qf3+ Kg8 17. Ba4 Nc2 18. Bxc2 Rxc2 19. h3 Rxe2 20. Qxe2 Qxd4 21. hxg4 hxg4 22. Rd1 Qxe5 23. Qxe5 Bxe5 24. Bg5 Bxb2 25. Rab1 Be5 26. Rxb7 1-0

[Event "LAT-ch"]
[Site "Riga"]
[Date "2019.05.05"]
[Round "9"]
[White "Brikers, Aleksandrs"]
[Black "Breikss, Peteris"]
[Result "1-0"]
[WhiteElo "2037"]
[BlackElo "1777"]
[PlyCount "83"]
[EventDate "2019.04.29"]
[EventType "swiss"]
[EventRounds "9"]
[EventCountry "LAT"]
[SourceTitle "CBM 190 Extra"]
[Source "ChessBase"]
[SourceDate "2019.07.15"]
[SourceVersion "1"]
[SourceVersionDate "2019.07.15"]
[SourceQuality "1"]

1. e4 c5 2. c3 d5 3. exd5 Qxd5 4. d4 Nc6 5. Nf3 Bg4 6. dxc5 Qxd1+ 7. Kxd1 0-0-0+ 8. Ke1 e5 9. b4 e4 10. h3 Bxf3 11. gxf3 exf3 12. Bf4 Nf6 13. h4 Re8+ 14. Kd1 Nd5 15. Bh3+ Kd8 16. Bg3 f5 17. Bxf5 g6 18. Bg4 Bg7 19. a3 Rhf8 20. Kc2 Re2+ 21. Kb3 h5 22. Bh3 Nf4 23. Rd1+ Ke8 24. Bf1 Re6 25. Bc4 Ref6 26. Nd2 Ne5 27. Ne4 Nxc4 28. Nxf6+ Rxf6 29. Kxc4 Ne2 30. Be5 Rf7 31. Bxg7 Rxg7 32. Rd3 Rf7 33. Kb3 Rf4 34. Rh1 Ke7 35. Re3+ Kf6 36. Rh3 Kf5 37. Rhxf3 Kg4 38. Rxf4+ Nxf4 39. b5 Kxh4 40. Re4 Kg5 41. c6 bxc6 42. bxc6 1-0